[Event "Winnipeg 2g a Month2"]
[Site "Winnipeg"]
[Date "2004.04.04"]
[Round "3"]
[White "Rutter, Blair A"]
[Black "Mor, Shai"]
[Result "1-0"]
[WhiteElo "1626"]
[BlackElo "1370"]
[PlyCount "69"]
[EventDate "2004.03.??"]
[EventType "swiss"]
[EventRounds "4"]
[EventCountry "CAN"]
[SourceTitle "EXT 2006"]
[Source "ChessBase"]
[SourceDate "2005.11.24"]
[SourceVersion "1"]
[SourceVersionDate "2005.11.24"]
[SourceQuality "1"]

1. c4 c5 2. g3 g6 3. Bg2 Bg7 4. Nc3 Nc6 5. d3 d6 6. Rb1 e5 7. e4 Nge7 8. Nge2 0-0 9. 0-0 f5 10. exf5 Bxf5 11. h3 Rf7 12. Kh2 Be6 13. Ne4 h6 14. f4 d5 15. Nxc5 Qc8 16. Nxe6 Qxe6 17. Qb3 dxc4 18. Qxc4 Qd6 19. Qxf7+ Kxf7 20. fxe5+ Ke6 21. exd6 Kxd6 22. Bf4+ Kd7 23. a3 a5 24. Nc3 g5 25. Bd2 Be5 26. Rf7 b5 27. Nd5 Ke6 28. Rff1 Nxd5 29. Bxd5+ Kxd5 30. Bc3 h5 31. Rf5 Re8 32. Rxg5 h4 33. Bxe5 hxg3+ 34. Bxg3+ Kd4 35. Re1 1-0

[Event "Winnipeg March Active"]
[Site "Winnipeg"]
[Date "2004.03.30"]
[Round "4"]
[White "Dharssi, Karim"]
[Black "Mor, Shai"]
[Result "1-0"]
[WhiteElo "1383"]
[BlackElo "1370"]
[PlyCount "77"]
[EventDate "2004.03.??"]
[EventType "swiss (rapid)"]
[EventRounds "4"]
[EventCountry "CAN"]
[SourceTitle "EXT 2006"]
[Source "ChessBase"]
[SourceDate "2005.11.24"]
[SourceVersion "1"]
[SourceVersionDate "2005.11.24"]
[SourceQuality "1"]

1. c4 c5 2. Nc3 Nc6 3. d3 g6 4. Bf4 e5 5. Bd2 Bg7 6. Nf3 Nge7 7. Qc1 b6 8. Nb5 d6 9. g3 a6 10. Nc3 Bb7 11. Bg2 0-0 12. Bh6 Nf5 13. Bxg7 Kxg7 14. 0-0 Qd7 15. Nd2 Ncd4 16. e3 Bxg2 17. Kxg2 Qb7+ 18. Nd5 Ne6 19. Ne4 Rfd8 20. Qc3 Nc7 21. Nef6 Nxd5 22. Nxd5 Ne7 23. e4 b5 24. b3 Rf8 25. f4 f6 26. Rf2 Rf7 27. Raf1 Nxd5 28. cxd5 Qc7 29. fxe5 dxe5 30. Rc2 Qd6 31. Qxc5 Rd7 32. Qxd6 Rxd6 33. Rc7+ Kh6 34. Rf7 Rc8 35. R1xf6 Rxf6 36. Rxf6 Rc2+ 37. Kh3 Rxa2 38. d6 Rd2 39. Rf3 1-0

[Event "Winnipeg TNT Jan op"]
[Site "Winnipeg"]
[Date "2004.01.20"]
[Round "3"]
[White "Mor, Shai"]
[Black "Gibson, Fred"]
[Result "0-1"]
[WhiteElo "1497"]
[BlackElo "1159"]
[PlyCount "53"]
[EventDate "2004.01.06"]
[EventType "swiss"]
[EventRounds "4"]
[EventCountry "CAN"]
[SourceTitle "EXT 2005"]
[Source "ChessBase"]
[SourceDate "2004.11.15"]
[SourceVersion "1"]
[SourceVersionDate "2004.11.15"]
[SourceQuality "1"]

1. e4 c5 2. Nf3 d6 3. h3 Nf6 4. Nc3 g6 5. d4 cxd4 6. Bb5+ Bd7 7. Qxd4 Bxb5 8. Nxb5 Qa5+ 9. Nc3 Bg7 10. Bg5 Nc6 11. Qa4 Qxa4 12. Nxa4 Nxe4 13. 0-0 Nxg5 14. Nxg5 0-0 15. f4 Rac8 16. Rae1 h6 17. Ne4 d5 18. Nec3 e6 19. Nb5 Rfd8 20. Rd1 a6 21. Nbc3 b5 22. Nc5 Bd4+ 23. Rxd4 Nxd4 24. Nxa6 Nxc2 25. Rf2 b4 26. Rxc2 bxc3 27. bxc3 0-1